Statistiken für Könige von Preußen

Klicken Sie hier um das Quiz zu spielen!

Allgemein

  • Dieses Quiz wurde 98 mal gespielt
  • Das Durchschnittsergebnis liegt bei 7 aus 9

Antwortstatistiken

VonBisAntwort% Korrekt
18611888Wilhelm I.
91%
17011713Friedrich I.
89%
17401786Friedrich der Große
88%
18881918Wilhelm II.
86%
18881888Friedrich III.
81%
17861797Friedrich Wilhelm II.
74%
17971840Friedrich Wilhelm III.
74%
18401861Friedrich Wilhelm IV.
74%
17131740Friedrich Wilhelm I.
73%

Verteilung der Resultate

Perzentil nach korrekt beantworteten Fragen

Anzahl Personen mit jedem Resultat

Ihre Resultats-Entwicklung

Sie haben dieses Quiz noch nicht gespielt